Establishing exceptionalism : historiography and the colonial Americas

Αποθηκεύτηκε σε:
Λεπτομέρειες βιβλιογραφικής εγγραφής
Άλλοι συγγραφείς: Turner Bushnell, Amy (Επιμελητής έκδοσης)
Μορφή: Βιβλίο
Γλώσσα:English
Δημοσίευση: Aldershot, Hampshire : Variorum, 1995
Σειρά:Expanding world ; ; vol. 5
Θέματα:
Ετικέτες: Προσθήκη ετικέτας
Δεν υπάρχουν, Καταχωρήστε ετικέτα πρώτοι!

MARC

LEADER 00000nam a2200000 i 4500
001 1/12224
008 980126s1995 eng d
020 |a 0-86078-504-1 
035 |1 ΠΑΡ  |a 1997  |l 10018546 
040 |a GR-MY-UA  |b gre  |e aacr 
041 0 |a eng 
082 0 |a 970.0072 
245 1 0 |a Establishing exceptionalism :  |b historiography and the colonial Americas /  |c edited by Amy Turner Bushnell 
260 |a Aldershot, Hampshire :   |b Variorum,   |c 1995 
300 |a 372 p. 
490 1 |a Expanding world  |v ; vol. 5 
504 |a Includes bibliographical references 
651 0 |a America  |x History  |y To 1810  |x Historiography. 
700 1 |a Turner Bushnell, Amy.  |4 edt 
830 0 |a Expanding world ;  |v ; vol. 5 
852 |a INST  |b LESVOS  |e 19980126  |h 970.0072 EST  |p 005100015247  |q 005100015247  |t BK  |y 0 
909 |a Λ  |b 052703 
950 |a 120-1996-07-16